| 000 | 00682nam a2200253 a 4500 | ||
|---|---|---|---|
| 001 | nice12345678 | ||
| 003 | IN_TiNIC | ||
| 005 | 20260116011924.0 | ||
| 008 | 050524s1978 lona grp 000 0 eng | ||
| 020 |
_a0856643 _c6.95 |
||
| 082 | 0 | 0 |
_a297.122 _bSEA |
| 100 | _aSeale, M S | ||
| 245 |
_aQuran and Bible _b Studies in Interpretation and Dialogue. |
||
| 260 |
_aLondon _bCroom Helm _c1978 |
||
| 300 | _a124p. | ||
| 500 | _aincludes index and biblioraphy | ||
| 505 | 2 | _aNotes and References, Bibliography, Index | |
| 650 | _aQuran-Relation to Bible | ||
| 650 | _aInterfaith Dialogue | ||
| 700 | 1 | _aSeale, M S | |
| 902 | _bSRS | ||
| 942 | _cBK | ||
| 999 |
_c4921 _d4921 |
||